| 000 | 00471nam a2200169Ia 4500 | ||
|---|---|---|---|
| 008 | 240729s9999 xx 000 0 und d | ||
| 022 | _a2808-7399 | ||
| 245 | 0 | _aAsian Journal of Management, Entrepreneurship and Social Science | |
| 260 | _aIndonesia | ||
| 260 | _bcita konsultindo | ||
| 650 | _a Business | ||
| 650 | _a Commerce | ||
| 650 | _aSocial Sciences | ||
| 856 | _uhttps://doaj.org/toc/e31ee6fec7d748c0ae2544ff07c1fba8 | ||
| 942 | _2ddc | ||
| 942 | _cDOAJEJ | ||
| 999 |
_c73041 _d73041 |
||
| 945 |
_a1 _bMadushi Gamage _c1 _dMadushi Gamage |
||